000 00831nam a2200289Ia 4500
003 OSt
005 20221005092842.0
006 a|||||r|||| 00| 0
007 ta
008 221004b |||||||| |||| 00| 0 eng d
020 _a0312111649
024 _a25153
037 _cTextual
040 _aCRL
_cCRL
_beng
041 _2eng
_aeng
082 _aP111:7g, N4
100 _aAxelrod Rise B
_9617833
245 0 _aInstructor's resource manual
_b The St. Martin's guide to writing
250 _a4th
260 _aNew York
_bSt.Martin's Press
_c1994
300 _a395p.
_ccm.
650 _aLINGUISTICS
700 _a Cooper Charles R
_9617834
700 _a Warriner Alison M
_9617835
942 _hP111:7g, N4
_cTEXL
_2cc
999 _c999461
_d999461